[Event "HEM 2006 B"]
[Site "Marburg"]
[Date "2006.04.13"]
[Round "1.1"]
[White "Stockmann, Michael"]
[Black "Freund, Klaus"]
[Result "1-0"]
[WhiteElo "2269"]
[BlackElo "1756"]
[PlyCount "39"]
[EventDate "2006.04.12"]
[EventType "swiss"]
[EventCountry "GER"]

1. d4 d5 2. c4 e6 3. Nf3 Nf6 4. g3 dxc4 5. Qa4+ Nc6 6. Bg2 Bd7 7. Qxc4 Bb4+ 8.
Nc3 b5 9. Qd3 Nd5 10. O-O Bxc3 11. bxc3 O-O 12. Ng5 Nf6 13. e4 g6 14. e5 Nh5
15. Ne4 Rb8 16. g4 Ng7 17. Bg5 Ne7 18. Nf6+ Kh8 19. Qh3 h5 20. gxh5 1-0

[Event "HEM 2006 B"]
[Site "Marburg"]
[Date "2006.04.13"]
[Round "1.2"]
[White "Siegismund, Bernd"]
[Black "Lüchtemeier, Peter"]
[Result "0-1"]
[WhiteElo "1749"]
[BlackElo "2268"]
[PlyCount "90"]
[EventDate "2006.04.12"]
[EventType "swiss"]
[EventCountry "GER"]

1. e4 c6 2. d4 d5 3. exd5 cxd5 4. c4 Nf6 5. Nc3 Nc6 6. Nf3 Bg4 7. Be3 e6 8. a3
Be7 9. c5 Ne4 10. Be2 Nxc3 11. bxc3 O-O 12. O-O b6 13. cxb6 Qxb6 14. Qa4 Bf5
15. Bb5 Na5 16. Ne5 a6 17. Bd3 Bxd3 18. Nxd3 Rfb8 19. Nb4 Bd6 20. Qc2 Nc4 21.
Rfb1 Qc7 22. g3 a5 23. Nd3 Rxb1+ 24. Qxb1 Nxe3 25. fxe3 Qxc3 26. Qf1 Rb8 27.
Rc1 Qd2 28. Rc6 Qxe3+ 29. Kg2 Qe4+ 30. Kh3 Bxa3 31. Ne5 Qf5+ 32. Qxf5 exf5 33.
Ra6 Bb4 34. Nc6 Rc8 35. Nxa5 Bxa5 36. Rxa5 Rd8 37. Kg2 g5 38. Kf3 Kg7 39. h4 f6
40. Ra7+ Kg6 41. Ra6 g4+ 42. Kf4 h5 43. Re6 Ra8 44. Ke3 Ra3+ 45. Kf2 Rf3+ 0-1

[Event "HEM 2006 B"]
[Site "Marburg"]
[Date "2006.04.13"]
[Round "1.3"]
[White "Funk, Volker"]
[Black "Fay, Roland"]
[Result "1-0"]
[WhiteElo "2219"]
[BlackElo "1739"]
[PlyCount "33"]
[EventDate "2006.04.12"]
[EventType "swiss"]
[EventCountry "GER"]

1. b3 d5 2. Bb2 Nf6 3. e3 c5 4. f4 Nc6 5. Bb5 e6 6. Nf3 a6 7. Bxc6+ bxc6 8. Ne5
Qc7 9. O-O Be7 10. d3 a5 11. a4 Ba6 12. Nd2 Rd8 13. Rf3 c4 14. Rg3 g6 15. bxc4
O-O 16. Rb1 Nh5 17. Qxh5 1-0

[Event "HEM 2006 B"]
[Site "Marburg"]
[Date "2006.04.13"]
[Round "1.4"]
[White "Ottinger, Rüdiger"]
[Black "Mittendorf, Frank"]
[Result "1/2-1/2"]
[WhiteElo "1733"]
[BlackElo "2196"]
[PlyCount "35"]
[EventDate "2006.04.12"]
[EventType "swiss"]
[EventCountry "GER"]

1. d4 Nf6 2. Nf3 d5 3. c4 e6 4. Nc3 Be7 5. cxd5 exd5 6. Bg5 O-O 7. Qc2 Be6 8.
e3 Nbd7 9. Bd3 Rc8 10. O-O h6 11. Bh4 c5 12. Rac1 Bg4 13. Ne5 cxd4 14. exd4 Be6
15. f4 Nxe5 16. fxe5 Nd7 17. Bxe7 Qxe7 18. Qd2 1/2-1/2

[Event "HEM 2006 B"]
[Site "Marburg"]
[Date "2006.04.13"]
[Round "1.5"]
[White "Baumhackel, Mario"]
[Black "Werner, Alexander"]
[Result "1/2-1/2"]
[WhiteElo "2176"]
[BlackElo "1731"]
[PlyCount "102"]
[EventDate "2006.04.12"]
[EventType "swiss"]
[EventCountry "GER"]

1. d4 Nf6 2. Nf3 d6 3. Bg5 g6 4. Nbd2 Bg7 5. c3 O-O 6. e3 Nc6 7. Be2 Qe8 8. O-O
e5 9. b4 Nd7 10. Qb3 h6 11. Bh4 Kh7 12. d5 Ne7 13. e4 f5 14. Rfd1 Nf6 15. Bxf6
Bxf6 16. c4 g5 17. Ne1 g4 18. c5 Ng6 19. cxd6 cxd6 20. Rac1 Rf7 21. b5 f4 22.
Rc3 Bg5 23. Bf1 Qd8 24. Qa3 g3 25. hxg3 fxg3 26. fxg3 Qb6+ 27. Kh2 Bxd2 28. Rf3
Bf4 29. gxf4 Bg4 30. f5 Nf4 31. Rd2 Bxf3 32. Nxf3 Rc8 33. Qb3 Rfc7 34. Nxe5 Rc3
35. Qb4 dxe5 36. Qe7+ Kg8 37. f6 R3c7 38. f7+ Kh8 39. Qxe5+ Kh7 40. Qxf4 Rf8
41. e5 Rcxf7 42. Bd3+ Kh8 43. Qe4 Rf5 44. Qe2 Rf1 45. Qxf1 Rxf1 46. Bxf1 Qe3
47. Re2 Qf4+ 48. Kg1 Qd4+ 49. Kh2 Qh4+ 50. Kg1 Qd4+ 51. Kh2 Qh4+ 1/2-1/2

[Event "HEM 2006 B"]
[Site "Marburg"]
[Date "2006.04.13"]
[Round "1.6"]
[White "Krischak, Werner"]
[Black "Garbe, Ralf"]
[Result "0-1"]
[WhiteElo "1721"]
[BlackElo "2169"]
[PlyCount "66"]
[EventDate "2006.04.12"]
[EventType "swiss"]
[EventCountry "GER"]

1. d4 g6 2. c4 Nf6 3. Nc3 d5 4. cxd5 Nxd5 5. Nf3 Bg7 6. e4 Nxc3 7. bxc3 c5 8.
Bc4 Nc6 9. Be3 O-O 10. h3 Qa5 11. Qd2 b5 12. Bd5 Bb7 13. Ne5 Nxe5 14. Bxb7 Nc4
15. Qd3 cxd4 16. Bg5 Rab8 17. Bd5 Ne5 18. Qc2 e6 19. Bb3 d3 20. Qc1 Nf3+ 21.
gxf3 Qxc3+ 22. Qxc3 Bxc3+ 23. Kd1 Bxa1 24. Kd2 Bd4 25. Bh4 Kg7 26. Kxd3 Bf6 27.
Bg3 Rfd8+ 28. Ke2 Rbc8 29. e5 Be7 30. Rd1 a5 31. a4 Rxd1 32. Bxd1 bxa4 33. Bxa4
Rc4 0-1

[Event "HEM 2006 B"]
[Site "Marburg"]
[Date "2006.04.13"]
[Round "1.7"]
[White "Hahn, Werner"]
[Black "Bauch, Frank"]
[Result "1-0"]
[WhiteElo "2147"]
[BlackElo "1682"]
[PlyCount "51"]
[EventDate "2006.04.12"]
[EventType "swiss"]
[EventCountry "GER"]

1. d4 d5 2. c4 e6 3. Nf3 Nf6 4. Nc3 c5 5. cxd5 exd5 6. g3 Nc6 7. Bg2 h6 8. O-O
Be6 9. h3 Be7 10. dxc5 Bxc5 11. Na4 Be7 12. Be3 Qd7 13. Kh2 b6 14. Rc1 Rd8 15.
Nd4 Nxd4 16. Bxd4 O-O 17. Nc3 Rc8 18. Qd2 Rfd8 19. Rfd1 Ne4 20. Nxe4 Rxc1 21.
Qxc1 dxe4 22. Bxg7 Qxd1 23. Qxh6 f6 24. Bxe4 Bd5 25. Bf8 Qh1+ 26. Bxh1 1-0

[Event "HEM 2006 B"]
[Site "Marburg"]
[Date "2006.04.13"]
[Round "1.8"]
[White "Keim, Alexander"]
[Black "Montermann, Klaus"]
[Result "1/2-1/2"]
[WhiteElo "1682"]
[BlackElo "2140"]
[PlyCount "49"]
[EventDate "2006.04.12"]
[EventType "swiss"]
[EventCountry "GER"]

1. e4 Nf6 2. e5 Nd5 3. c4 Nb6 4. d4 d6 5. f4 dxe5 6. fxe5 Nc6 7. Be3 Bf5 8. a3
e6 9. Be2 Be7 10. Nf3 O-O 11. O-O f6 12. Nc3 fxe5 13. Nxe5 Nxe5 14. dxe5 Bg5
15. Bxb6 axb6 16. Nb5 Qe7 17. Bf3 Qc5+ 18. Kh1 Qxc4 19. Be2 Qc5 20. Qd7 Rf7 21.
Qd4 Rd8 22. Qxc5 bxc5 23. Bc4 Kf8 24. Nxc7 Ke7 25. Nb5 1/2-1/2

[Event "HEM 2006 B"]
[Site "Marburg"]
[Date "2006.04.13"]
[Round "1.10"]
[White "Pichl, Uwe"]
[Black "Klettke, Wolfgang"]
[Result "1-0"]
[WhiteElo "1677"]
[BlackElo "2104"]
[PlyCount "94"]
[EventDate "2006.04.12"]
[EventType "swiss"]
[EventCountry "GER"]

1. d4 Nf6 2. Nf3 g6 3. c4 c5 4. Nc3 cxd4 5. Nxd4 Nc6 6. g3 Bg7 7. Bg2 O-O 8.
O-O Nxd4 9. Qxd4 d6 10. Bg5 Qa5 11. Qd2 Qb4 12. b3 h6 13. Bxf6 Bxf6 14. Rac1
Bd7 15. Rfd1 Bc6 16. Nd5 Qxd2 17. Nxf6+ Kg7 18. Nh5+ gxh5 19. Rxd2 Bxg2 20.
Kxg2 b6 21. Rd5 Kg6 22. Kh3 Rac8 23. Kh4 f5 24. Rc3 Rc5 25. Re3 Rc7 26. Re6+
Rf6 27. Rxf6+ Kxf6 28. Kxh5 Rc8 29. h3 Rg8 30. a4 Rd8 31. g4 fxg4 32. hxg4 Kg7
33. f4 Rf8 34. e3 Rb8 35. Rd4 Rc8 36. Re4 Rc5+ 37. f5 e5 38. g5 hxg5 39. Kxg5
Rc8 40. Rh4 Rg8 41. f6+ Kf7+ 42. Kf5 Rg3 43. Rh7+ Kg8 44. Rxa7 Rxe3 45. Ke6 Rf3
46. Ra8+ Kh7 47. f7 Kg7 1-0

[Event "HEM 2006 B"]
[Site "Marburg"]
[Date "2006.04.13"]
[Round "1.11"]
[White "Henzner, Reiner"]
[Black "Radtke, Thoralf"]
[Result "1-0"]
[WhiteElo "2098"]
[BlackElo "1646"]
[PlyCount "61"]
[EventDate "2006.04.12"]
[EventType "swiss"]
[EventCountry "GER"]

1. e4 e6 2. Qe2 c5 3. Nf3 Nc6 4. g3 Be7 5. Bg2 d6 6. O-O Nf6 7. d3 e5 8. c3 Bg4
9. a4 O-O 10. Na3 a6 11. Nc4 b5 12. Ne3 Qd7 13. Nxg4 Nxg4 14. Ne1 b4 15. Bh3 h5
16. f3 bxc3 17. bxc3 f5 18. fxg4 fxg4 19. Bg2 Rab8 20. Nc2 Rb3 21. Ne3 Rxc3 22.
Nd5 Nd4 23. Rxf8+ Bxf8 24. Qa2 Rb3 25. Be3 Qb7 26. Bxd4 cxd4 27. Bf1 Kh7 28.
Qf2 Kg8 29. Rc1 Qf7 30. Qxf7+ Kxf7 31. Rc6 1-0

[Event "HEM 2006 B"]
[Site "Marburg"]
[Date "2006.04.13"]
[Round "1.12"]
[White "Struth, Jürgen"]
[Black "Kuhn, Gerhard"]
[Result "1/2-1/2"]
[WhiteElo "1642"]
[BlackElo "2085"]
[PlyCount "65"]
[EventDate "2006.04.12"]
[EventType "swiss"]
[EventCountry "GER"]

1. e4 c6 2. d4 d5 3. exd5 cxd5 4. Bd3 Nc6 5. c3 Qc7 6. Nf3 Bg4 7. Be3 Nf6 8.
Nbd2 e6 9. h3 Bh5 10. O-O Bg6 11. Qe2 Bd6 12. Rfe1 Ne7 13. Bg5 a6 14. Ne5 Bxd3
15. Qxd3 Ng6 16. Ndf3 Ne4 17. Qe3 Nxe5 18. Nxe5 Bxe5 19. dxe5 Qxe5 20. Bf4 Qf5
21. f3 Nf6 22. Bd6 Nd7 23. Qd4 Qf6 24. Qxd5 Ra7 25. Qc4 Ra8 26. Re4 h5 27. Qc7
b6 28. Rae1 Rh6 29. Qc6 Qd8 30. Qc4 Qf6 31. Qc6 Qd8 32. Qc4 Qf6 33. Qc6 1/2-1/2

[Event "HEM 2006 B"]
[Site "Marburg"]
[Date "2006.04.13"]
[Round "1.13"]
[White "Böhme, Erich"]
[Black "Grass, Ernest"]
[Result "0-1"]
[WhiteElo "2067"]
[BlackElo "1637"]
[PlyCount "48"]
[EventDate "2006.04.12"]
[EventType "swiss"]
[EventCountry "GER"]

1. c4 Nf6 2. Nc3 e5 3. g3 d5 4. cxd5 Nxd5 5. Bg2 Be6 6. Nf3 Nc6 7. O-O Bc5 8.
a3 f6 9. b4 Bb6 10. Na4 Qd7 11. Nxb6 Nxb6 12. Bb2 O-O-O 13. d3 h5 14. Rc1 h4
15. Nxh4 g5 16. Bxc6 bxc6 17. Nf3 Qh7 18. Rxc6 Bd5 19. Rxc7+ Kxc7 20. Qd2 Kb7
21. Rc1 Bc4 22. Rc3 g4 23. Nh4 Qe4 24. Qc1 Rxd3 0-1

[Event "HEM 2006 B"]
[Site "Marburg"]
[Date "2006.04.13"]
[Round "1.15"]
[White "Hillgaertner, Walter"]
[Black "Höllwarth, Kai"]
[Result "1-0"]
[WhiteElo "2055"]
[BlackElo "1623"]
[PlyCount "53"]
[EventDate "2006.04.12"]
[EventType "swiss"]
[EventCountry "GER"]

1. Nf3 g6 2. g3 d5 3. Bg2 Bg7 4. O-O c5 5. c4 d4 6. d3 Bd7 7. b4 cxb4 8. Bb2
Bc6 9. e3 e5 10. exd4 exd4 11. Re1+ Ne7 12. Qe2 Bf6 13. a3 O-O 14. axb4 Re8 15.
Qf1 Bxf3 16. Bxf3 Nbc6 17. b5 Qb6 18. Na3 Ne5 19. Bg2 Nf5 20. Nc2 Nd7 21. Nb4
Nc5 22. Nd5 Rxe1 23. Rxe1 Qd8 24. Re8+ Qxe8 25. Nxf6+ Kf8 26. Nxe8 Rxe8 27. Ba3
1-0

[Event "HEM 2006 B"]
[Site "Marburg"]
[Date "2006.04.13"]
[Round "1.16"]
[White "Jordake, Michael"]
[Black "Kartmann, Juergen"]
[Result "0-1"]
[WhiteElo "1621"]
[BlackElo "2054"]
[PlyCount "38"]
[EventDate "2006.04.12"]
[EventType "swiss"]
[EventCountry "GER"]

1. e4 e5 2. Nf3 Nc6 3. Bb5 f5 4. d3 fxe4 5. dxe4 Nf6 6. Bg5 Bc5 7. O-O d6 8.
Nc3 O-O 9. Bc4+ Kh8 10. Nd5 Bg4 11. c3 Qd7 12. Nxf6 gxf6 13. Bh6 Rfe8 14. b4
Bb6 15. Qd3 Be6 16. Rad1 Rg8 17. Nh4 Bxc4 18. Qxc4 Qg4 19. Rd3 Qxh4 0-1

[Event "HEM 2006 B"]
[Site "Marburg"]
[Date "2006.04.13"]
[Round "1.17"]
[White "Marth, Jürgen"]
[Black "Popp, Matthias"]
[Result "1-0"]
[WhiteElo "2044"]
[BlackElo "1541"]
[PlyCount "57"]
[EventDate "2006.04.12"]
[EventType "swiss"]
[EventCountry "GER"]

1. e4 c5 2. Nf3 Nc6 3. Bb5 a6 4. Bxc6 bxc6 5. O-O d6 6. b3 e5 7. c3 Nf6 8. Re1
Bg4 9. h3 Bh5 10. Bb2 Be7 11. d3 O-O 12. Nbd2 Nd7 13. g4 Bg6 14. Nc4 Nb6 15.
Ne3 h5 16. Nf5 hxg4 17. hxg4 Bxf5 18. exf5 Nd5 19. d4 cxd4 20. cxd4 f6 21. Nh4
Kf7 22. Ng6 Nf4 23. Qc2 Qb6 24. dxe5 fxe5 25. Qc4+ Nd5 26. Bxe5 dxe5 27. Nxe5+
Ke8 28. Nxc6 Qb5 29. Qxd5 1-0

[Event "HEM 2006 B"]
[Site "Marburg"]
[Date "2006.04.13"]
[Round "1.18"]
[White "Feigl, Gerold"]
[Black "Ritscher, Georg"]
[Result "0-1"]
[WhiteElo "1514"]
[BlackElo "2034"]
[PlyCount "92"]
[EventDate "2006.04.12"]
[EventType "swiss"]
[EventCountry "GER"]

1. e4 e5 2. Bc4 Nf6 3. Nc3 Be7 4. d3 Nc6 5. Nf3 h6 6. h3 d6 7. Be3 Be6 8. Nd5
Na5 9. Nxf6+ Bxf6 10. Bxe6 fxe6 11. c4 Nc6 12. a4 O-O 13. Qd2 d5 14. cxd5 exd5
15. exd5 Qxd5 16. O-O Rad8 17. Rfd1 Rd7 18. Ne1 Rfd8 19. f3 Nd4 20. Bxd4 Qxd4+
21. Qf2 Bh4 22. Qxd4 Rxd4 23. Kf1 Kf7 24. b3 Bxe1 25. Kxe1 Rxd3 26. Rxd3 Rxd3
27. Rb1 Ke6 28. Ke2 Rd4 29. Rc1 c6 30. Rc3 g5 31. g3 Kd5 32. Rd3 Rxd3 33. Kxd3
a5 34. Ke3 b5 35. Kd3 bxa4 36. bxa4 c5 37. g4 c4+ 38. Ke3 Kc5 39. Ke4 Kb4 40.
Kxe5 c3 41. h4 c2 42. hxg5 hxg5 43. f4 gxf4 44. g5 c1=Q 45. g6 f3 46. Ke6 f2
0-1

[Event "HEM 2006 B"]
[Site "Marburg"]
[Date "2006.04.13"]
[Round "1.19"]
[White "Goloborodko, Dmitro"]
[Black "Siegismund, Florian"]
[Result "1-0"]
[WhiteElo "2031"]
[BlackElo "1476"]
[PlyCount "41"]
[EventDate "2006.04.12"]
[EventType "swiss"]
[EventCountry "GER"]

1. e4 c5 2. Nc3 Nc6 3. g3 Nf6 4. Bg2 d6 5. Nge2 g6 6. O-O Bg7 7. d3 O-O 8. f4
e6 9. h3 Bd7 10. Be3 h5 11. Qd2 a6 12. e5 dxe5 13. Bxc5 Re8 14. fxe5 Nxe5 15.
Qf4 Nc6 16. Ne4 Nd5 17. Qxf7+ Kh7 18. Bd6 Nce7 19. Be5 Nf5 20. Rxf5 Re7 21.
Ng5+ 1-0

[Event "HEM 2006 B"]
[Site "Marburg"]
[Date "2006.04.13"]
[Round "1.20"]
[White "Kitzler, Manfred"]
[Black "Libuda, Thomas"]
[Result "0-1"]
[WhiteElo "1459"]
[BlackElo "2026"]
[PlyCount "46"]
[EventDate "2006.04.12"]
[EventType "swiss"]
[EventCountry "GER"]

1. c4 g6 2. Nc3 Bg7 3. g3 d6 4. Bg2 e5 5. e3 Nc6 6. Nf3 f5 7. d3 Nf6 8. O-O O-O
9. Rb1 Be6 10. Ng5 Bd7 11. f4 h6 12. Nf3 Rb8 13. h3 Kh7 14. Bd2 Nb4 15. Be1
Nxd3 16. Qxd3 e4 17. Qe2 exf3 18. Bxf3 c6 19. Kh1 Qc7 20. Rg1 b5 21. cxb5 cxb5
22. Rc1 Qa5 23. Rg2 b4 0-1

[Event "HEM 2006 B"]
[Site "Marburg"]
[Date "2006.04.13"]
[Round "1.21"]
[White "Diez, Gerhard"]
[Black "Zimmermann, Heinz"]
[Result "1-0"]
[WhiteElo "2014"]
[BlackElo "1429"]
[PlyCount "43"]
[EventDate "2006.04.12"]
[EventType "swiss"]
[EventCountry "GER"]

1. e4 c5 2. Nf3 d6 3. d4 cxd4 4. Nxd4 Nc6 5. c4 Nxd4 6. Qxd4 e5 7. Qd3 Nf6 8.
Nc3 a6 9. Bg5 Be6 10. Rc1 Be7 11. Be2 O-O 12. O-O Rb8 13. Rfd1 Ne8 14. Bxe7
Qxe7 15. b4 Qg5 16. Nd5 f5 17. exf5 Rxf5 18. Qe3 Bxd5 19. Qxg5 Rxg5 20. Rxd5
Kf8 21. f4 Nf6 22. fxg5 1-0

[Event "HEM 2006 B"]
[Site "Marburg"]
[Date "2006.04.13"]
[Round "1.22"]
[White "Martens, Nick"]
[Black "Schreiber, Torsten"]
[Result "1-0"]
[WhiteElo "1393"]
[BlackElo "1968"]
[PlyCount "41"]
[EventDate "2006.04.12"]
[EventType "swiss"]
[EventCountry "GER"]

1. f4 Nf6 2. Nf3 c5 3. e3 Nc6 4. b3 d5 5. Bb2 a6 6. a3 d4 7. Bd3 dxe3 8. dxe3
Nd5 9. Kf2 Bg4 10. h3 Bxf3 11. Qxf3 e6 12. Nd2 Qa5 13. Nc4 Qc7 14. Be4 O-O-O
15. Rhd1 Nde7 16. Rxd8+ Qxd8 17. Rd1 Nd5 18. Bxd5 exd5 19. Rxd5 Qh4+ 20. Kf1
Be7 21. Rh5 1-0

[Event "HEM 2006 B"]
[Site "Marburg"]
[Date "2006.04.13"]
[Round "1.23"]
[White "Förster, Rudi"]
[Black "Ketterling, Bianca"]
[Result "1-0"]
[WhiteElo "1967"]
[BlackElo "1379"]
[PlyCount "65"]
[EventDate "2006.04.12"]
[EventType "swiss"]
[EventCountry "GER"]

1. e4 e5 2. Nf3 Nc6 3. Bb5 Nf6 4. O-O Bc5 5. Bxc6 bxc6 6. Nxe5 Nxe4 7. d4 Be7
8. Qg4 Ng5 9. Re1 O-O 10. Bxg5 Bxg5 11. f4 Bf6 12. Qg3 Bh4 13. Qc3 Bxe1 14.
Qxe1 Re8 15. Qg3 Qf6 16. Nc3 d6 17. Nxc6 Bd7 18. Nd5 Qh6 19. Nce7+ Kf8 20. Re1
Rab8 21. f5 c6 22. Ng6+ hxg6 23. Qxd6+ Kg8 24. Ne7+ Kh8 25. Qxd7 gxf5 26. Ng6+
Qxg6 27. Rxe8+ Rxe8 28. Qxe8+ Kh7 29. Qe2 f4 30. Kf2 Qd6 31. c3 g5 32. Qh5+ Kg7
33. Qxg5+ 1-0

[Event "HEM 2006 B"]
[Site "Marburg"]
[Date "2006.04.13"]
[Round "1.24"]
[White "Sander, Rudi"]
[Black "Szwarc, Klaus Peter"]
[Result "0-1"]
[WhiteElo "1345"]
[BlackElo "1907"]
[PlyCount "72"]
[EventDate "2006.04.12"]
[EventType "swiss"]
[EventCountry "GER"]

1. d4 Nf6 2. c4 g6 3. Nc3 d5 4. e3 Bg7 5. Nf3 O-O 6. Be2 c6 7. O-O Ne4 8. Nxe4
dxe4 9. Nd2 f5 10. f4 exf3 11. Nxf3 Nd7 12. b3 e5 13. dxe5 Nxe5 14. Rb1 Qe7 15.
Nxe5 Bxe5 16. Bf3 Be6 17. Qe2 Qf6 18. Bb2 Rae8 19. Bxe5 Qxe5 20. Rfe1 Re7 21.
e4 f4 22. Rbd1 h5 23. Qf2 g5 24. h3 g4 25. hxg4 hxg4 26. Be2 Rg7 27. Qd4 Qxd4+
28. Rxd4 f3 29. gxf3 gxf3+ 30. Kf2 Rg2+ 31. Ke3 fxe2 32. Rd2 Rg3+ 33. Kd4 Rd8+
34. Ke5 Rxd2 35. Kxe6 Re3 36. Rg1+ Kf8 0-1

[Event "HEM 2006 B"]
[Site "Marburg"]
[Date "2006.04.13"]
[Round "1.25"]
[White "Breitwieser, Peter"]
[Black "Stöhr, Alexander"]
[Result "1-0"]
[WhiteElo "1898"]
[BlackElo "1341"]
[PlyCount "81"]
[EventDate "2006.04.12"]
[EventType "swiss"]
[EventCountry "GER"]

1. e4 c5 2. Nf3 a6 3. d4 cxd4 4. Nxd4 Nf6 5. Nc3 e5 6. Nf3 Bb4 7. Bd2 d5 8.
Nxd5 Bxd2+ 9. Nxd2 Nxd5 10. exd5 Qxd5 11. Bd3 Nc6 12. Be4 Qe6 13. O-O O-O 14.
Qh5 f5 15. Bd3 Qf7 16. Qxf7+ Kxf7 17. c3 Be6 18. Bc2 Rad8 19. Nb3 b6 20. a4
Bxb3 21. Bxb3+ Kf6 22. Bc4 a5 23. Bb5 Ne7 24. Rfd1 Ng6 25. Kf1 Nf4 26. g3 Ne6
27. b4 axb4 28. cxb4 Nd4 29. Bc4 Nc2 30. Rab1 Rd4 31. Rxd4 Nxd4 32. a5 bxa5 33.
bxa5 Nf3 34. Ke2 e4 35. a6 Ra8 36. Ke3 Ke5 37. Rb5+ Kf6 38. Rb6+ Ke7 39. Rb7+
Kf6 40. Rb6+ Ke5 41. Re6# 1-0

[Event "HEM 2006 B"]
[Site "Marburg"]
[Date "2006.04.13"]
[Round "1.26"]
[White "Mook, Karl-Jürgen"]
[Black "Hierling, Stefan"]
[Result "0-1"]
[WhiteElo "1325"]
[BlackElo "1896"]
[PlyCount "94"]
[EventDate "2006.04.12"]
[EventType "swiss"]
[EventCountry "GER"]

1. e4 d5 2. exd5 Nf6 3. Nc3 Nxd5 4. Nf3 Nxc3 5. bxc3 Bg4 6. h3 Bh5 7. Be2 e6 8.
O-O Bd6 9. Rb1 Qc8 10. Nd4 Bxe2 11. Qxe2 a6 12. Qf3 Ra7 13. d3 c5 14. Nb3 b5
15. Be3 Rc7 16. Bf4 Bxf4 17. Qxf4 c4 18. Nd4 cxd3 19. cxd3 Rxc3 20. Nxb5 axb5
21. Rxb5 O-O 22. a4 Nd7 23. d4 Qc7 24. Qd2 Rb8 25. Qb2 Rxb5 26. Qxb5 Rc1 27. g3
Rxf1+ 28. Kxf1 g6 29. a5 Nb8 30. d5 exd5 31. Qxd5 Qa7 32. Qe5 Nd7 33. Qe8+ Kg7
34. Qd8 Ne5 35. Qd5 Qa6+ 36. Kg2 Nc6 37. Qc5 Nxa5 38. Qe5+ Kh6 39. h4 Qb7+ 40.
Kh2 Nc6 41. Qg5+ Kg7 42. Qe3 Qe7 43. Qc3+ Qf6 44. Qd2 Ne5 45. Kg2 Qf3+ 46. Kg1
Qxg3+ 47. Kf1 Qd3+ 0-1

[Event "HEM 2006 B"]
[Site "Marburg"]
[Date "2006.04.13"]
[Round "1.27"]
[White "Brahn, Helmut"]
[Black "Buerkle, Alois"]
[Result "1/2-1/2"]
[WhiteElo "1886"]
[BlackElo "1317"]
[PlyCount "120"]
[EventDate "2006.04.12"]
[EventType "swiss"]
[EventCountry "GER"]

1. c4 e5 2. e4 Nf6 3. d3 Bc5 4. h3 Nc6 5. a3 a5 6. Nf3 d6 7. Be2 O-O 8. Nc3 Nd4
9. O-O c6 10. Re1 h6 11. Be3 Be6 12. Bxd4 exd4 13. Na2 Qd7 14. Bf1 Nh7 15. Nc1
Rab8 16. Nb3 b5 17. Nbxd4 bxc4 18. Nxe6 fxe6 19. Qc2 Ng5 20. dxc4 Nxf3+ 21.
gxf3 Rxf3 22. Re2 Rbf8 23. Kh1 Rxf2 24. Rxf2 Rxf2 25. Qc3 Qf7 26. Bg2 Qa7 27.
Rd1 e5 28. Rd2 Bd4 29. Qc2 Be3 30. Rxf2 Bxf2 31. b3 Qe3 32. Qd1 Qc5 33. a4 Bh4
34. Qg1 Qb4 35. Qd1 Bg5 36. Qf3 Bf4 37. Bf1 Qe1 38. Kg2 g5 39. Qd3 h5 40. Qf3
h4 41. Qd3 Kf7 42. Qf3 Kf6 43. Qd3 Ke7 44. Qf3 Qd2+ 45. Qe2 Qc3 46. Qf3 Qb2+
47. Be2 Qc2 48. Qd3 Qb2 49. Qf3 Qd2 50. Qd3 Qb4 51. Qf3 Qe1 52. Qd3 Bg3 53. Qf3
Bf4 54. Qd3 Bg3 55. Qf3 Qd2 56. Qd3 Qb2 57. Qe3 Bf4 58. Qf3 c5 59. Qd3 Qa2 60.
Qf3 Qd2 1/2-1/2

[Event "HEM 2006 B"]
[Site "Marburg"]
[Date "2006.04.13"]
[Round "1.28"]
[White "Fritsche, Rainer"]
[Black "Krüger, Till"]
[Result "0-1"]
[WhiteElo "1315"]
[BlackElo "1851"]
[PlyCount "86"]
[EventDate "2006.04.12"]
[EventType "swiss"]
[EventCountry "GER"]

1. d4 g6 2. c4 Nf6 3. Nf3 Bg7 4. Nc3 d5 5. e3 O-O 6. Bd3 b6 7. O-O Bb7 8. Ne5
c5 9. dxc5 Qc7 10. Nf3 Qxc5 11. cxd5 Nxd5 12. Nxd5 Bxd5 13. a3 Rd8 14. Qe2 Nc6
15. Qc2 Qd6 16. Be4 Rac8 17. Bxd5 Qxd5 18. Qe2 Na5 19. Rb1 Nb3 20. e4 Qc6 21.
Bf4 Nc5 22. e5 Nd3 23. Bg3 e6 24. Rfd1 Qc4 25. Qf1 Qb3 26. Nd2 Qc2 27. f4 Nxb2
28. Rbc1 Qa4 29. Rxc8 Rxc8 30. Rc1 Rc2 31. Nf3 Bf8 32. Rxc2 Qxc2 33. Bf2 Bxa3
34. g3 Nd3 35. Ne1 Qxf2+ 36. Qxf2 Nxf2 37. Kxf2 Kf8 38. Nd3 Ke7 39. g4 Bc5+ 40.
Ke2 Kd7 41. h3 Kc6 42. Kf3 h5 43. Ke4 h4 0-1

[Event "HEM 2006 B"]
[Site "Marburg"]
[Date "2006.04.13"]
[Round "1.29"]
[White "Ferozkohi, Ihsan"]
[Black "Parr, Daniel"]
[Result "1-0"]
[WhiteElo "1847"]
[BlackElo "1277"]
[PlyCount "83"]
[EventDate "2006.04.12"]
[EventType "swiss"]
[EventCountry "GER"]

1. e4 c5 2. Nf3 Nc6 3. d3 e5 4. Nc3 Nf6 5. Bg5 Be7 6. Be2 h6 7. Bh4 d6 8. Qd2
Be6 9. O-O Nd4 10. Bg3 Qa5 11. Ne1 b5 12. f4 exf4 13. Bxf4 b4 14. Nd1 Qb6 15.
Bf3 c4 16. Be3 d5 17. dxc4 dxe4 18. Qxd4 exf3 19. c5 Qc6 20. Rxf3 a5 21. Nd3
O-O 22. Rg3 Bd8 23. Bxh6 g6 24. Bxf8 Kxf8 25. Rf3 Bd5 26. Ne5 Qe6 27. Re3 Ra6
28. Nxg6+ fxg6 29. Rxe6 Rxe6 30. Nf2 Rc6 31. Rf1 Be7 32. Nd3 Kg7 33. g4 g5 34.
h4 Kh6 35. hxg5+ Kxg5 36. Rf5+ Kh4 37. g5+ Ne4 38. Rxd5 Re6 39. Nf2 Bxc5 40.
Rxc5 Kg3 41. Qe3+ Kh4 42. Qh3# 1-0

[Event "HEM 2006 B"]
[Site "Marburg"]
[Date "2006.04.13"]
[Round "1.30"]
[White "Riedl, Janis"]
[Black "Bender, Manfred"]
[Result "1-0"]
[WhiteElo "1250"]
[BlackElo "1816"]
[PlyCount "89"]
[EventDate "2006.04.12"]
[EventType "swiss"]
[EventCountry "GER"]

1. e4 e6 2. Nc3 c5 3. f4 d6 4. Nf3 Nc6 5. g3 Nf6 6. d3 Be7 7. Bg2 O-O 8. O-O a6
9. a4 Qc7 10. b3 b6 11. Bb2 Bb7 12. Ne2 Ng4 13. Qd2 b5 14. h3 Nf6 15. Nh4 b4
16. f5 e5 17. Nf3 Qb6 18. Kh2 a5 19. Kh1 Rad8 20. Rad1 Qc7 21. c4 bxc3 22. Nxc3
Ba6 23. Rf2 Nb4 24. Bf1 d5 25. Qe1 Bd6 26. Bc1 dxe4 27. dxe4 Bb7 28. Bc4 h6 29.
g4 Be7 30. Rxd8 Bxd8 31. Rg2 Nh7 32. g5 Bxg5 33. Nxg5 hxg5 34. Bxg5 Nxg5 35.
Rxg5 Qd8 36. Qg1 Qf6 37. Rg6 Qh4 38. Rxg7+ Kh8 39. Qg4 Qe1+ 40. Kg2 Qd2+ 41.
Kg3 Qxc3+ 42. Kh4 Qe1+ 43. Kh5 Bxe4 44. Bxf7 Bd5 45. Rg8+ 1-0

[Event "HEM 2006 B"]
[Site "Marburg"]
[Date "2006.04.13"]
[Round "1.31"]
[White "Henninger, Sascha"]
[Black "Baqui, Khalid"]
[Result "1-0"]
[WhiteElo "1805"]
[BlackElo "1243"]
[PlyCount "75"]
[EventDate "2006.04.12"]
[EventType "swiss"]
[EventCountry "GER"]

1. c4 e5 2. Nc3 d6 3. g3 g6 4. Bg2 Bg7 5. e3 c5 6. Nge2 Nf6 7. O-O Nc6 8. a3
O-O 9. Rb1 a5 10. d3 Bd7 11. Nb5 Be6 12. b3 Rc8 13. Bb2 Qd7 14. d4 Bf5 15. Rc1
b6 16. dxc5 dxc5 17. Nd6 Rc7 18. Nc3 Na7 19. Nxf5 Qxf5 20. e4 Qc8 21. Qe2 Rd8
22. f4 exf4 23. Rxf4 Nh5 24. Rh4 Bh6 25. Bh3 Qb8 26. Rc2 Nc6 27. Nd5 Bg7 28.
Bxg7 Nxg7 29. Nf6+ Kf8 30. Nxh7+ Ke7 31. Qf2 Ne6 32. Qf6+ Ke8 33. Bxe6 fxe6 34.
Qxe6+ Ne7 35. Nf6+ Kf8 36. Rh8+ Kg7 37. Rh7+ Kf8 38. Qf7# 1-0